| 000 | 00293 a2200121 4500 | ||
|---|---|---|---|
| 001 | 57432 | ||
| 082 | _a327.105491 FAR | ||
| 090 |
_c35163 _d35163 |
||
| 100 | _aDr Muhammad Farooq Khan | ||
| 245 |
_aIkeeswen sadi aur pakistan _hUrdu |
||
| 260 |
_aLahore _bAlmorid _c1996 |
||
| 300 | _a475p | ||
| 942 |
_aNUST-CAE _k327.105491 FAR |
||
| 999 |
_c292505 _d292505 |
||